Introduction to Combined Discrete-Continuous Simulation Using SIMSCRIPT II.5
Saved in:
| Main Author: | |
|---|---|
| Format: | Book |
| Language: | English |
| Published: |
La Jolla, CA. :
CACI Products Company,
1988 (1989 Printing)
|
| Subjects: | |
| Tags: |
Add Tag
No Tags, Be the first to tag this record!
|
MARC
| LEADER | 00000nam a2200000 i 4500 | ||
|---|---|---|---|
| 001 | 1/36176 | ||
| 008 | 970107s1988 eng d | ||
| 035 | |a 1996 |c ΔΩΡΕΑ |l 10040170 | ||
| 040 | |a GR-MY-UA |b gre |e aacr | ||
| 041 | 0 | |a eng | |
| 082 | 0 | |a 003.3 | |
| 100 | 1 | |a Fayek, Abdel-Moaty M. | |
| 245 | 1 | 0 | |a Introduction to Combined Discrete-Continuous Simulation Using SIMSCRIPT II.5 / |c Abdel-Moaty M. Fayek |
| 260 | |a La Jolla, CA. : |b CACI Products Company, |c 1988 (1989 Printing) | ||
| 300 | |a 64 p.; |c 28 cm. | ||
| 650 | 0 | 0 | |a SIMSCRIPT (Computer program language) |
| 650 | 0 | 0 | |a Computer simulation. |
| 650 | 0 | 0 | |a Simulation methods. |
| 650 | 0 | 0 | |a Digital computer simulation. |
| 852 | |a INST |b SAMOS |e 19970107 |h 003.3 FAY |p 005300009296 |q 005300009296 |t BK |y 0 | ||
| 901 | |a BIBL-1997-1 | ||
| 909 | |a Σ |b 036219 | ||